Normal view
MARC view
- المحاسبة المالية
Entry Topical Term
001 - CONTROL NUMBER
- control field: 29589
003 - CONTROL NUMBER IDENTIFIER
- control field: JO-AjAnu
005 - DATE AND TIME OF LATEST TRANSACTION
- control field: 20230606075012.0
008 - FIXED-LENGTH DATA ELEMENTS
- fixed length control field: 230606|| aca||aabn | a|a d
040 ## - CATALOGING SOURCE
- Original cataloging agency: JO-AjAnu
- Transcribing agency: JO-AjAnu
150 ## - HEADING--TOPICAL TERM
- Topical term or geographic name entry element: المحاسبة المالية
670 ## - SOURCE DATA FOUND
- Source citation: Work cat.: (JO-AjAnu)15193: حنان،رضوان حلوة / م.مشارك: نزار فليح البلداوي, author 29588, مبادىء المحاسبة المالية: القياس والافصاح في القوائم المالية